El conflicto entre la autenticidad infantil y la falsedad del mundo de los adultos el caso de los niños enfermos en algunos cuentos hispánicos /

Elmentve itt :
Bibliográfiai részletek
Szerző: Csikós Zsuzsanna
Dokumentumtípus: Könyv része
Megjelent: Eötvös József Könyv- és Lapkiadó Bt. Budapest 2007
Sorozat:La presencia del niño en las literaturas en lengua española (El niño como dimensión, objeto y perspectiva del discurso literario)
Tárgyszavak:
mtmt:2043977
Online Access:http://publicatio.bibl.u-szeged.hu/22789
LEADER 00907naa a2200205 i 4500
001 publ22789
005 20211103081505.0
008 211103s2007 hu o 0|| Spanyol d
020 |a 9637338694 
024 7 |a 2043977  |2 mtmt 
040 |a SZTE Publicatio Repozitórium  |b hun 
041 |a Spanyol 
100 1 |a Csikós Zsuzsanna 
245 1 3 |a El conflicto entre la autenticidad infantil y la falsedad del mundo de los adultos  |h [elektronikus dokumentum] :  |b el caso de los niños enfermos en algunos cuentos hispánicos /  |c  Csikós Zsuzsanna 
260 |a Eötvös József Könyv- és Lapkiadó Bt.  |b Budapest  |c 2007 
300 |a 7 
300 |a 458-463 
490 0 |a La presencia del niño en las literaturas en lengua española (El niño como dimensión, objeto y perspectiva del discurso literario) 
650 4 |a Nyelvek és irodalom 
856 4 0 |u http://publicatio.bibl.u-szeged.hu/22789/1/nino.pdf  |z Dokumentum-elérés